00997nac a22002291u 4500010001600000020003300016082001600049090001500065100003400080245007000114246004100184260004000225300004500265504005100310650004800361650004800409856008500457856007300542942001800615999001500633952011900648 a 94048612 a0070359407 (acid-free paper)00a658.2bK791 c4018d4018 aKohan, Anthony Lawrenc 10aPlant services and operations handbook /cAnthony Lawrence Kohan.14aPlant services & operations handbook aNew York :bMcGraw-Hill,1995c1995. a1 v. (various pagings) :bill. ;c24 cm. aIncludes bibliographical references and index. 0aPlant engineeringxHandbooks, manuals, etc. 0aPlant maintenancexHandbooks, manuals, etc.423Publisher descriptionuhttp://www.loc.gov/catdir/description/mh022/94048612.html423Table of contentsuhttp://www.loc.gov/catdir/toc/mh022/94048612.html cBBk658.2K791 c4018d4018 00104070aMAINbMAINc1STd2015-08-07ePurchasel1m1o658.2 KOHp000000050r2025-07-15 00:00:00s2012-01-02yBB